00790nam a2200193 a 4500001001000000003000900010005001700019007000300036008004100039040002500080049000900105110003200114245016000146260007300306300002000379942001300399952016700412999001700579000032807DO-SdBNP20220128100205.0ta110726s1944 dr 000 0 spa d aDO-SdBNPbspacBNPHU aBNPD1 aRepública Dominicana944710aInforme que la honorable Congreso Nacional presenta a la Cámara de Cuentas de la República presenta al Congreso Nacional correspondiente al año 1944. aCiudad Trujillo, República Dominicana :bImp. La Opinión,c1944. a77 p. ;c24 cm. 2ddccLF2 001050718RVaPDbPDcCTd2011-07-26iLF1l0o p32807-10r2020-06-25w2020-06-25y1zPerteneció a la biblioteca personal de Julio Ortega Frier.ZNo se presta c32298d32298